000
00260nam a2200109Ia 4500
008
190216s9999||||xx |||||||||||||| ||und||
100
_a
Peter Gray
245
0
_a
Sookshma Darshana Prayoga Sahayi
260
_b
Bhasha Institute
650
_a
Physics
942
_c
BK
999
_c
38867
_d
38867